00729nam a2200193 a 450000100100000000500170001000800410002704000250006808200150009310000250010824501260013326000460025930000280030570000290033370000340036204900090039695201130040599900170051800002210020200930011600.0100916s1972 mx a r 000 |bspa d aDO-SdBNPbspacBNPHU axxxbD236h1 aDaubier, Jean94579010aHistoria de la revolución cultural proletaria en China /cJean Daubier; traducción de Jaime Godec y Alejandro Licona. aMéxico D. F. :bSiglo Veintiuno,c1972. a434 p. :bil. ;c23 cm.1 aGodec, Jaimeetr.9457911 aLicona, Alejandroetr.945792 aBNGR 001050718MOaGRbGRcCTd2010-09-16iLF1l0oxxx D236hp22100-10r2020-06-25w2020-06-25y1ZNo se presta c21598d21598